Ελληνικοί υγρότοποι

Αποθηκεύτηκε σε:
Λεπτομέρειες βιβλιογραφικής εγγραφής
Συλλογικό Έργο: Μουσείο Γουλανδρή Φυσικής Ιστορίας, Ελληνικό Κέντρο Βιοτόπων-Υγροτόπων
Άλλοι συγγραφείς: Κατσακιώρη, Μαρία (Επιμελητής έκδοσης), Γεράκης, Π. Α. (Επιμελητής έκδοσης)
Μορφή: Ηλεκτρονική πηγή
Γλώσσα:Greek
Δημοσίευση: Αθήνα : Ελληνικό Κέντρο Βιοτόπων-Υγροτόπων,
Θέματα:
Ετικέτες: Προσθήκη ετικέτας
Δεν υπάρχουν, Καταχωρήστε ετικέτα πρώτοι!

MARC

LEADER 00000cmm a2200000 i 4500
001 1/44236
008 070514s gr gre d
035 |l 10087811 
040 |a GR-MY-UA  |b gre  |e aacr 
041 0 |a gre 
082 0 |a 577.6809495  |2 (22) 
110 2 |a Μουσείο Γουλανδρή Φυσικής Ιστορίας. 
245 1 0 |a Ελληνικοί υγρότοποι  |h [αρχείο Η/Υ] /  |c Μουσείο Γουλανδρή Φυσικής Ιστορίας ; Ελληνικό Κέντρο Βιοτόπων-Υγροτόπων ; συντονιστές: Μαρία Κατσακιώρη, Π. Α. Γεράκης 
260 |a Αθήνα :   |b Ελληνικό Κέντρο Βιοτόπων-Υγροτόπων,  
300 |a 1 οτπική δισκέτα λέιζερ Η/Υ  |b έγχρ., εικ.  |e 4 3/4 ιν. 
500 |a Το έργο χρηματοδοτήθηκε από το Ταμείο Συνοχής της Ευρωπαϊκής Ένωσης και το ΥΠΕΧΩΔΕ 
500 |a Η αναπαραγωγή του CD-ROM συγχρηματοδείται κατά 70% από την Ευρωπαϊκή Ένωση -Ευρωπαϊκό Ταμείο Περιφερειακής Ανάπτυξης και κατά 30% από το Ελληνικό Δημόσιο, στο πλαίσιο της Δράσης 4.4.5 "ΕΡΜΗΣ", πρόγραμμα "Ανοικτές Θύρες-2ος Κύκλος" του Επιχειρησιακού Προγράμματος "ΑΝΤΑΓΩΝΙΣΤΙΚΟΤΗΤΑ" - Κοινοτικό Πλαίσιο Στήριξης 2000-2006. 
538 |a Απαιτήσεις συστήματος: Pentium III 800 ΜΗz; Μνήμη (RAM) 128 Mb; Win 95/98/2000/NT; CD-ROM 32X; Κάρτα γραφικών 16Mb-16 bit, χιλιάδες χρώματα; Ανάλυση οθόνης1024Χ768 pixels; Κάρτα ήχου 
650 0 0 |a Wetlands  |z Greece. 
650 0 0 |a Wetland ecology  |z Greece. 
700 1 |a Κατσακιώρη, Μαρία.  |4 edt 
700 1 |a Γεράκης, Π. Α.  |4 edt 
710 2 |a Ελληνικό Κέντρο Βιοτόπων-Υγροτόπων. 
852 |a INST  |b LESVOS  |c AV  |e 20070514  |h 577.6809495 ΜΟΥ  |p 005100038359  |q 005100038359  |t CDROM  |y 23 
901 |a BIBL1-2007-2 
909 |a Λ  |b 132578 
970 |a ΚΑΡΑ  |b ΓΙΑΣΕΜΗ  |z 2007/05/14